000 00287nam a2200085Ia 4500
245 0 _aAsk for it : how women can use the power of negotiation to get what they really want
100 _a Babcock, Linda London, 2009
_9103135
942 _cBK
008 210817s9999 xx 000 0 und d
999 _c452331
_d452330